| 000 | 01307nam a22002537a 4500 | ||
|---|---|---|---|
| 005 | 2010021103303.0 | ||
| 008 | 100211t xxu||||| |||| 00| 0 hin d | ||
| 010 | _aHIN-89058 | ||
| 020 |
_c125.00 _a8187465824 |
||
| 035 | _aHN-61404 | ||
| 037 | _bPUB | ||
| 040 |
_aDPL _bHN |
||
| 082 | _a921 | ||
| 100 |
_aशर्मा, जयगोविन्द 'बैंदिल' _914606 |
||
| 245 |
_aझाँसी की रानीः महारानी लक्ष्मीबाई / _cजयगोविन्द शर्मा 'बैंदिल' |
||
| 246 |
_aJhansi ki rani: Maharani Laxmibai _bby Jai Govind Sharma ' Baindil' |
||
| 260 |
_aजयपुर _bविवेक पब्लिशिंग हाउस _c2009 |
||
| 270 |
_aधामाणी मार्केट, चौड़ा रास्ता _bजयपुर |
||
| 300 |
_a104पृ _c22सेमी (सजिल्द) |
||
| 650 |
_aजीवनी _914607 |
||
| 650 |
_aBoigraphy _914608 |
||
| 942 |
_2ddc _cHN _mशर्माज |
||
| 999 |
_c34489 _d34489 |
||